Представление документа в формате RUSMARC

ПолеНазваниеЗначение
  Тип записи a
  Библиографический уровень m
001 Контрольный номер RU/CBS_UL/BASE/b83ea61ac16e4542b493241e65902e60
005 Дата корректировки 20260113085615.1
010 Индекс ISBN __
a ISBN 978-5-00214-739-7
b Уточнения в пер.
d Цена 1 204 р. 25 к.
9 Тираж 3 000 экз.
100 Данные общей обработки __
a Данные общей обработки 20260113d 0rusy0189## ca
101 Язык документа 0_
a Язык текста rus
102 Страна публикации __
a Страна публикации RU
200 Заглавие и сведения об ответственности 1_
a Заглавие Острова России
f Первые сведения об ответственности А. Хворост
g Последующие сведения об ответственности ил. Н. Матушкиной
210 Выходные данные 1_
a Место издания Москва
c Издательство МИФ
d Дата издания 2025
215 Физическое описание __
a Объем 75, [4] с.
c Иллюстрации/тип воспроизводства ил.
d Формат 29 см.
225 Серия 2_
a Серия Наша страна Россия
300 Общие примечания __
a Общие примечания 6+
606 Тематические рубрики 0_
a Основная рубрика Страноведение - Россия - Острова
610 Ключевые слова 0_
a Ключевые слова острова России; острова загадочные; путешествия захватывающие; природа удивительная; явления природы; география России; география занимательная
686 Индексы других классификаций __
2 Код системы rubbk
a Классификационный индекс 26.89(2Рос)
700 Автор _1
a Фамилия Хворост
b Имя (инициалы) А.
g Полное личное имя Александра
801 Источник записи _0
a Страна RU
b Организация МБУК ЦБС г. Ульяновска
c Дата составления 20260113
g Правила каталогизации RCR
801 Источник записи _1
a Страна RU
b Организация МБУК ЦБС г. Ульяновска
c Дата составления 20260113
g Правила каталогизации RCR
852 Данные о местонахождении __
i Авторский знак Х 32
j Шифр хранения 26.89(2Рос)
900 Электронные ресурсы __
a Имя электронного ресурса остр
901 Тип документа __
t Тип документа m
909 Создатель записи __
a Создатель записи obr4
b Дата создания записи 20260113